Dutch and Flemish drawings and watercolors / (Record no. 25850)

000 -LEADER
fixed length control field 01367cam a2200349 a 4500
001 - CONTROL NUMBER
control field 4785017
003 - CONTROL NUMBER IDENTIFIER
control field OSt
005 - DATE AND TIME OF LATEST TRANSACTION
control field 20170201123246.0
008 - FIXED-LENGTH DATA ELEMENTS--GENERAL INFORMATION
fixed length control field 870602s1988 nyua cb 001 0 eng
010 ## - LIBRARY OF CONGRESS CONTROL NUMBER
LC control number 87003262
020 ## - INTERNATIONAL STANDARD BOOK NUMBER
International Standard Book Number 0933920857 (alk. paper) :
Terms of availability $45.00
020 ## - INTERNATIONAL STANDARD BOOK NUMBER
International Standard Book Number 0895581248 (pbk. : alk. paper) :
Terms of availability $30.00
040 ## - CATALOGING SOURCE
Original cataloging agency DLC
Transcribing agency DLC
Modifying agency DLC
043 ## - GEOGRAPHIC AREA CODE
Geographic area code n-us-mi
-- el-----
050 00 - LIBRARY OF CONGRESS CALL NUMBER
Classification number NC258
Item number .D476 1988
082 00 - DEWEY DECIMAL CLASSIFICATION NUMBER
Classification number 741.9492/074/017434
Edition number 19
110 2# - MAIN ENTRY--CORPORATE NAME
Corporate name or jurisdiction name as entry element Detroit Institute of Arts.
245 10 - TITLE STATEMENT
Title Dutch and Flemish drawings and watercolors /
Statement of responsibility, etc. Anne-Marie Logan.
250 ## - EDITION STATEMENT
Edition statement 1st ed.
260 ## - PUBLICATION, DISTRIBUTION, ETC. (IMPRINT)
Place of publication, distribution, etc. New York :
Name of publisher, distributor, etc. Hudson Hills Press in association with the Founders Society, Detroit Institute of Arts,
Date of publication, distribution, etc. c1988.
300 ## - PHYSICAL DESCRIPTION
Extent 158 p. :
Other physical details ill. (some col.) ;
Dimensions 32 cm.
490 1# - SERIES STATEMENT
Series statement The Collections of the Detroit Institute of Arts
504 ## - BIBLIOGRAPHY, ETC. NOTE
Bibliography, etc Includes bibliographical references.
610 20 - SUBJECT ADDED ENTRY--CORPORATE NAME
Corporate name or jurisdiction name as entry element Detroit Institute of Arts
General subdivision Catalogs.
650 #0 - SUBJECT ADDED ENTRY--TOPICAL TERM
Topical term or geographic name as entry element Drawing, Dutch
General subdivision Catalogs.
650 #0 - SUBJECT ADDED ENTRY--TOPICAL TERM
Topical term or geographic name as entry element Drawing, Flemish
General subdivision Catalogs.
650 #0 - SUBJECT ADDED ENTRY--TOPICAL TERM
Topical term or geographic name as entry element Drawing
Geographic subdivision Michigan
-- Detroit
General subdivision Catalogs.
700 1# - ADDED ENTRY--PERSONAL NAME
Personal name Logan, Anne-Marie S.
810 2# - SERIES ADDED ENTRY--CORPORATE NAME
Corporate name or jurisdiction name as entry element Detroit Institute of Arts.
Title of a work Collections of the Detroit Institute of Arts.
906 ## - LOCAL DATA ELEMENT F, LDF (RLIN)
a 7
b cbc
c orignew
d 1
e ocip
f 19
g y-gencatlg
942 ## - ADDED ENTRY ELEMENTS (KOHA)
Source of classification or shelving scheme
Koha item type Hard Covered Materials
Classification part NC 258 .D476 1988
Holdings
Withdrawn status Lost status Source of classification or shelving scheme Damaged status Not for loan Home library Current library Shelving location Date acquired Source of acquisition Total Checkouts Full call number Barcode Date last seen Price effective from Koha item type
          MACHAKOS UNIVERSITY LIBRARY MACHAKOS UNIVERSITY LIBRARY Technical section 01/02/2017 Donation (BFA)   NC 258 .D476 1988 33524 13/06/2019 01/02/2017 Hard Covered Materials
© Machakos University Library, Along The Highway, Machakos Wote Rd, Machakos, Kenya P.O. Box 136 - 90100 Machakos - Kenya

Tel: ( +254 ) 723 805829 OR Fax : 044-20353 OR Email: library@mksu.ac.ke